A Course module for teaching English in the elementary grades : (Record no. 68957)

MARC details
000 -LEADER
fixed length control field 01679nam a22002777i 4500
003 - CONTROL NUMBER IDENTIFIER
control field URS
005 - DATE AND TIME OF LATEST TRANSACTION
control field 20230518142905.0
008 - FIXED-LENGTH DATA ELEMENTS--GENERAL INFORMATION
fixed length control field 220401b |||||||| |||| 00| 0 eng d
020 ## - INTERNATIONAL STANDARD BOOK NUMBER
International Standard Book Number 9786210427448
040 ## - CATALOGING SOURCE
Language of cataloging English
Transcribing agency NQCI Library
Description conventions rda
Modifying agency URS
050 14 - LIBRARY OF CONGRESS CALL NUMBER
Classification number LB1576
Item number .R33 2021
100 ## - MAIN ENTRY--PERSONAL NAME
Personal name Reyes, Rodolfo G.,
Titles and other words associated with a name II
Relator term author.
9 (RLIN) 4652
245 10 - TITLE STATEMENT
Title A Course module for teaching English in the elementary grades :
Remainder of title language arts /
Statement of responsibility, etc Rodolfo G. Reyes II.
250 ## - EDITION STATEMENT
Edition statement 2021 Edition.
264 #1 - PUBLICATION, DISTRIBUTION, ETC. (IMPRINT)
Place of publication, distribution, etc Manila, PH :
Name of publisher, distributor, etc Rex Book Store,
Date of publication, distribution, etc ©2021.
300 ## - PHYSICAL DESCRIPTION
Extent vi, 142 pages :
Other physical details some illustration ;
Dimensions 25 cm.
336 ## - CONTENT TYPE
Source rdacontent
Content type term text
337 ## - MEDIA TYPE
Source rdamedia
Media type term unmediated
338 ## - CARRIER TYPE
Source rdacarrier
Carrier type term volume
504 ## - BIBLIOGRAPHY, ETC. NOTE
Bibliography, etc Includes bibliographical references and index.
520 ## - SUMMARY, ETC.
Summary, etc "This module is a tone approaches to aid the beginning educational manager. It is designed to provide teachers with holistic concepts, approaches, techniques, and skills in reshaping the future today. Written in a simple, easy to understand language. A Course Module for Teaching English in the Elementary Grades (Language Arts) gives a straightforward guide to teachers in the elementary grades on how to engage in the educational profession with the major concepts needed in the modern classroom. From an understanding of the K to 12 curriculum to the instructional planning and preparing assessments, this module is nifty little handbook to anyone who seeks to become an effective educator." --
650 #0 - SUBJECT ADDED ENTRY--TOPICAL TERM
Topical term or geographic name as entry element English language
General subdivision Study and teaching
-- (Elementary).
650 #0 - SUBJECT ADDED ENTRY--TOPICAL TERM
Topical term or geographic name as entry element Language arts (Elementary)
Geographic subdivision Philippines.
700 ## - ADDED ENTRY--PERSONAL NAME
Personal name Pawilen, Greg Tabios.,
Relator term coordinator.
9 (RLIN) 1160
942 ## - ADDED ENTRY ELEMENTS (KOHA)
Koha item type Filipiniana
Source of classification or shelving scheme Library of Congress Classification
Holdings
Withdrawn status Lost status Source of classification or shelving scheme Damaged status Not for loan Home library Current library Shelving location Date acquired Total Checkouts Full call number Barcode Date last seen Price effective from Koha item type Source of acquisition Collection code Copy number
    Library of Congress Classification     Binangonan College Library Binangonan College Library Filipiniana Section 03/23/2023   LB 1576 .R33 2021 URSBIN-3651 03/23/2023 03/23/2023 Filipiniana Purchased    
    Library of Congress Classification     Tanay College Library Tanay College Library Reserve Section 12/28/2022   LB 1576 .R33 2021 URSTAN-N3211 03/21/2023 03/21/2023 Filipiniana      
    Library of Congress Classification     Tanay College Library Tanay College Library Reserve Section 12/28/2022   LB 1576 .R33 2021 URSTAN-N3203 03/21/2023 03/21/2023 Filipiniana      
    Library of Congress Classification     Tanay College Library Tanay College Library Reserve Section 12/28/2022   LB 1576 .R33 2021 URSTAN-N3235 03/21/2023 03/21/2023 Filipiniana      
    Library of Congress Classification   Quarantine Taytay College Library Taytay College Library Filipiniana Section 05/18/2023   LB1576 .R33 2021 URSTAY-5138 06/02/2025   Filipiniana Purchased Non-fiction 1
    Library of Congress Classification   Quarantine Taytay College Library Taytay College Library Filipiniana Section 05/18/2023   LB1576 .R33 2021 URSTAY-5139 06/02/2025   Filipiniana Purchased Non-fiction 2
    Library of Congress Classification   Quarantine Taytay College Library Taytay College Library Filipiniana Section 05/18/2023   LB1576 .R33 2021 URSTAY-5140 06/02/2025   Filipiniana Purchased Non-fiction 3

University of Rizal System
Email us at univlibservices@urs.edu.ph

Visit our Website www.urs.edu.ph/library